| 000 | 00633nam a2200205Ia 4500 | ||
|---|---|---|---|
| 003 | GCL | ||
| 008 | 140319s9999 xx 000 0 ara d | ||
| 040 |
_aGCL / _cGCL |
||
| 082 | 0 | 4 |
_a411.5 _bو ع |
| 100 | 1 | _aوسيمه المنصور | |
| 245 | 1 | 0 |
_aعيوب الكلام : دراسة لما يعاب فى الكلام عند اللغويين العرب / _cوسيمه المنصور |
| 300 | _a64 ص | ||
| 490 |
_aحوليات كلية الاداب _v0 |
||
| 650 | 0 | 4 | _aاللغة العربية |
| 650 | 0 | 4 | _aالاصوات |
| 650 | 0 | 4 | _aالنطق |
| 650 | 0 | 4 | _aالكلام |
| 650 | 0 | 4 | _aاللغوية |
| 942 |
_2ddc _cBK |
||
| 999 |
_c47434 _d47434 |
||